Dimensión política de la justicia constitucional

Spremljeno u:
Bibliografski detalji
Glavni autor: Solís Fallas, Alex
Format: Tekst
Teme:
Oznake: Dodaj oznaku
Bez oznaka, Budi prvi tko označuje ovaj zapis!

MARC

LEADER 00000 a a2200000 04500
001 17150
003
040
100 |a Solís Fallas, Alex  
245 |a Dimensión política de la justicia constitucional   |c Alex Solís Fallas 
650 |a ORGANOS LEGISLATIVOS  
650 |a PARLAMENTO  
650 |a REFORMA CONSTITUCIONAL  
650 |a TRIBUNALES CONSTITUCIONALES  
650 |a LEGISLACION  
650 |a JURISPRUDENCIA  
650 |a ASPECTOS JURIDICOS  
773 |g volumen 7, número 2; páginas 309-378  
999 |c 27400  |d 27400